| 000 | 00966nac a22002897a 4500 | ||
|---|---|---|---|
| 001 | BR8707110 | ||
| 003 | BR-BrBNA | ||
| 005 | 20240105120622.0 | ||
| 008 | 230509b bl.|||m| |||| 00| 0 por d | ||
| 040 |
_aBR-BrBNA _bpor _cBiblioteca Nacional de Agricultura |
||
| 072 | _aF06; N20; N01 | ||
| 090 | _a4630 BR8707110 | ||
| 100 | 1 | _aSoares, J.M. | |
| 100 | 1 | _aLopes, P.R.C. | |
| 100 | 1 | _aPinto, J.M. | |
| 110 | 1 | _aCentro de Pesquisa Agropecuaria do Tropico Semi-Arido, Petrolina, PE (Brasil) | |
| 245 | 1 | _aRevestimento de canais de irrigacao | |
| 246 | 1 | _a[The use of protective cootings for irrigation canals] | |
| 260 | 3 |
_aPetrolina, PE (Brasil): _c1986. |
|
| 300 | _a2 p. | ||
| 490 |
_aPesquisa em Andamento - Centro de Pesquisa Agropecuaria do Tropico Semi-Arido (Brazil) _vno. 51 _xISSN 0100-6118 |
||
| 650 | _aIRRIGACAO | ||
| 650 | _aCANAL | ||
| 650 | _aREVESTIMENTO | ||
| 909 |
_a202312 _bLúcia Elande _c55 _dLúcia Elande |
||
| 942 |
_2AGRIS _n0 _cMS |
||
| 999 |
_c280493 _d280493 |
||